00251nam a2200097Ia 4500008004100000100001900041245004000060260003700100300000800137650000800145191201s2014 xx 000 0 und d aHOROWITZ,Ellis 0aFundamentals of Computer Algorithms c2014bUniversity PressaN. Delhi a773 aMCA